La Revista del Hospital Sirio-Libanés (Registro nro. 1274)
[ vista simple ]
| 000 -LEADER | |
|---|---|
| fixed length control field | 00489nas a22001577a 4500 |
| 008 - CAMPO DE CONTROL RECURSOS CONTINUADOS | |
| fixed length control field | 130315t20099999ag ||||| |||| 00| 0 spa d |
| 022 ## - INTERNATIONAL STANDARD SERIAL NUMBER | |
| International Standard Serial Number | 1852-9739 |
| 245 ## - TITULO | |
| Titulo | La Revista del Hospital Sirio-Libanés |
| 260 ## - PUBLICACION, DISTRIBUCION, ETC. (PIE DE IMPRENTA) | |
| Lugar de publicación, distribución, etc | Buenoas Aires, |
| Nombre de la editorial, distribuidor, etc. | Hospital Sirio-Libanés: |
| Fecha de publicación | 2009 |
| 300 ## - DESCRIPCION FISICA | |
| Extensión | v. : |
| 546 ## - NOTA DE IDIOMA | |
| Nota de lenguaje | español |
| 590 ## - NOTAS LOCALES (RLIN) | |
| Nota local | Existencias: 2009 3(2); 2010 4(1)<br/>BAJA DEPOSITO (CAJA 20) MAYO 2019 |
| 650 ## - MATERIA-TERMINO TEMATICO | |
| Término temático | MEDICINA INTERNA |
| 9 (RLIN) | 1738 |
| 650 ## - MATERIA-TERMINO TEMATICO | |
| Término temático | HOSPITAL SIRIO-LIBANES |
| 9 (RLIN) | 1990 |
| 942 ## - ADDED ENTRY ELEMENTS (KOHA) | |
| Source of classification or shelving scheme | Dewey Decimal Classification |
| Item type | Continuing Resources |
No hay ítems disponibles.